Geography Quiz

Random Geography or Blitz Quiz

Match 'Em Up Blitz - US States Quiz Stats

 Plays Quiz Updated Mar 7, 2015

Score 0/40 Timer 08:00
2 Plays Today
% Correct
CAPITALS
100%
CAPITAL
99.9%
STATE
99.9%
STATE
80.4%
NICKNAME
79.2%
NICKNAMES
79.1%
CAPITALS COMPLETE
79.1%
NICKNAMES UNLOCKED
79%
STATE
78.9%
MOTTO
77.6%
MOTTOS
77.5%
NICKNAMES COMPLETE
77.4%
MOTTOS UNLOCKED
77.3%
STATE
75.2%
EVENT
73.8%
EVENTS
73.7%
MOTTOS COMPLETE
73.7%
EVENTS UNLOCKED
73.6%
STATE
72.5%
PRESIDENT
71.2%
% Correct
BIRTH STATES
71.1%
EVENTS COMPLETE
71%
BIRTH STATES UNLOCKED
70.9%
STATE
64.2%
SCHOOL
62.8%
SCHOOLS
62.7%
BIRTH STATES COMPLETE
62.6%
SCHOOLS UNLOCKED
62.6%
STATE
54.5%
PARKS
53.1%
NATIONAL PARK
53%
SCHOOLS COMPLETE
52.9%
PARKS UNLOCKED
52.8%
STATE
44.4%
ORIGIN
43%
NAME ORIGINS
42.9%
PARKS COMPLETE
42.8%
NAME ORIGINS UNLOCKED
42.7%
NAME ORIGINS COMPLETE
19.8%
WELL DONE
19.6%

You're not logged in!

Compare scores with friends on all Sporcle quizzes.
OR
Log In

Show Comments

Extras

Top Quizzes Today


Score Distribution

Your Account Isn't Verified!

In order to create a playlist on Sporcle, you need to verify the email address you used during registration. Go to your Sporcle Settings to finish the process.

Report this User

Report this user for behavior that violates our Community Guidelines.

Details: